000 00795cab a2200229 4500
001 WB3140-54
008 090401t1995 xxu||||| |||| 00| 0 eng d
035 _a(Sirsi) u9326
041 _aeng
245 _aUK timber output growing
260 _c1995
350 _a0
490 _aHerald
_v27 October 1995, 10
490 _aFinancial Times
_v27 October 1995, 10(1)
520 _aDespite timber output growing, the UK still imports 90% of the wood it consumes. Examines implications of current planting policies for the future, and the fact that the public want more native hardwoods planted, reversing the trend of conifer production.
650 _aFORESTRY
650 _aTIMBER PRODUCTION
650 _aTREE PLANTING
690 _aRURAL PRACTICE
942 _n0
948 _c04/03/1997
999 _c5807
_d5807